| 000 | 00705nas a2200229 4500 | ||
|---|---|---|---|
| 001 | BR4900052 | ||
| 003 | BR-BrBNA | ||
| 005 | 20231205081906.0 | ||
| 007 | ta | ||
| 008 | 230509b bl.|||p| |||| 00| 00por d | ||
| 040 |
_aBR-BrBNA _bpor _cBiblioteca Nacional de Agricultura |
||
| 041 | _a(Pt) | ||
| 072 | _aE70 | ||
| 100 | 1 | _aMenezes, V. | |
| 245 | 1 | _aAs cooperativas nao devem vender ao publico [Cooperativa de consumo] | |
| 650 | _aComercializacao | ||
| 650 | _aCooperativa de consumo | ||
| 650 | _aVenda | ||
| 773 | 0 |
_tBoletim de Cooperativismo do Estado do Rio de Janeiro (Brazil) _x _g(Jan 1949), v. 5(35) p. 19, 22 _wBR4900052 |
|
| 909 |
_a202311 _bLúcia _c55 _dLúcia Elande |
||
| 942 |
_2AGRIS _n0 _cANA |
||
| 999 |
_c87603 _d87603 |
||